000 00348nam a2200145Ia 4500
005 20260328104334.0
008 260328s9999||||xx |||||||||||||| ||und||
100 _aFernández, Roberto
245 0 _aHabitar Infraestructuras /
_cRoberto Fernández
250 _a6a ed.
260 _bTema
300 _a179 p.
650 _aURBANISMO
942 _cBK
999 _c11806
_d11806